Možnosti zvyšovania spoločenskej zodpovednosti v manažmente a podnikaní diplomová práca

Na minha lista:
Detalhes bibliográficos
Autor principal: Klačanský, Michal
Autor Corporativo: Fakulta podnikového manažmentu EU. Katedra manažmentu
Outros Autores: Majtán, Miroslav
Formato: Livro
Idioma:eslovaco
Publicado em: Bratislava 2018
Tags: Adicionar Tag
Sem tags, seja o primeiro a adicionar uma tag!

MARC

LEADER 00000nbm a2200000 4500
001 0244825
005 20180920130626.6
041 0 |a slo 
044 |a SK 
245 1 0 |a Možnosti zvyšovania spoločenskej zodpovednosti v manažmente a podnikaní  |b diplomová práca  |c Michal Klačanský ; školiteľ: Miroslav Majtán 
264 1 |a Bratislava  |c 2018 
300 |a 71 s. 
100 1 |a Klačanský, Michal 
700 1 |a Majtán, Miroslav 
710 2 |a Fakulta podnikového manažmentu EU. Katedra manažmentu